Junior paleontologist activity book, ages 5 to 12 : explore, learn, protect /

Bibliographic Details
Main Author: Jankowski, Krista L. (Author)
Other Authors: Hill, Caroline Marshall (Designer)
Format: Government Document eBook
Language:English
Published: [Washington, D.C.] : National Park Service, 2015.
Edition:Revised 2011, 2015.
Subjects:
Online Access:https://purl.fdlp.gov/GPO/gpo111924

MARC

Tag First Indicator Second Indicator Subfields
LEADER 00000cam a2200000Ii 4500
001 in00004019321
005 20211120101946.0
006 m o d f
007 cr cn|||||||||
008 181123s2015 dcuab jof f000 0 eng d
035 |a (OCoLC)on1073018993 
043 |a n-us-co  |a n-us-ut 
040 |a GPO  |b eng  |e rda  |e pn  |c GPO  |d GPO  |d MvI 
049 |a WWW 
074 |a 0648 (online) 
086 0 |a I 29.2:P 18/8/2015 
100 1 |a Jankowski, Krista L.,  |e author. 
245 1 0 |a Junior paleontologist activity book, ages 5 to 12 :  |b explore, learn, protect /  |c National Park Service, U.S. Department of Interior, Geologic Resources Division. 
250 |a Revised 2011, 2015. 
264 1 |a [Washington, D.C.] :  |b National Park Service,  |c 2015. 
300 |a 1 online resource (22 pages) :  |b color illustrations, color maps 
336 |a text  |b txt  |2 rdacontent 
337 |a computer  |b c  |2 rdamedia 
338 |a online resource  |b cr  |2 rdacarrier 
508 |a Krista L. Jankowski, content ; Krista L. Jankowski and Caroline Marshall Hill, layout and design. 
588 |a Description based on online resource; title from PDF title page (NPS, viewed Nov. 23, 2018). 
650 0 |a Paleontology  |x Study and teaching (Elementary)  |x Activity programs. 
650 0 |a Fossils  |x Study and teaching (Elementary)  |x Activity programs. 
650 0 |a Park rangers  |x Study and teaching  |x Activity programs  |v Handbooks, manuals, etc. 
650 0 |a Nature study  |x Activity programs  |v Handbooks, manuals, etc.  |v Juvenile literature. 
650 7 |a Nature study  |x Activity programs.  |2 fast  |0 (OCoLC)fst01034708 
655 7 |a Handbooks and manuals.  |2 lcgft 
655 7 |a Handbooks and manuals.  |2 fast  |0 (OCoLC)fst01423877 
700 1 |a Hill, Caroline Marshall,  |e designer. 
710 1 |a United States.  |b National Park Service.  |b Geologic Resources Division,  |e issuing body. 
776 0 8 |i Print version:  |a Jankowski, Krista L.  |t Junior paleontologist  |w (OCoLC)1019431435 
856 4 0 |u https://purl.fdlp.gov/GPO/gpo111924  |t 0 
999 f f |s 5940015e-26e6-3c93-986f-9fd81257c83b  |i 2fce070b-6a2d-36c3-aca9-bcb392f618a4  |t 0 
952 f f |a Texas A&M University  |b College Station  |c Electronic Resources  |d Available Online  |t 0  |e I 29.2:P 18/8/2015  |h Superintendent of Documents classification 
998 f f |a I 29.2:P 18/8/2015  |t 0  |l Available Online